000 00491nam a2200181Ia 4500
005 20250923144221.0
008 008 250917s9999 xx 000 0 eng d
037 _aTextual
040 _aDSWL
_beng
_cDSWL
041 _aeng
_2eng
084 _aY1:4, H7
_qDSWL
100 _aPhelps, H.A
_9822476
245 0 _aContemporary social problems
_cby H.A Phelps
260 _aNew York
_c1947
300 _a845 p.
942 _cTEXL
_hY1:4, H7
999 _c1436180
_d1436180